LEADER 01356nam0 22003011i 450 001 UON00505876 005 20231205105435.556 010 $a978-88-937820-7-4 100 $a20210726d2020 |0itac50 ba 101 $aita 102 $aIT 105 $a|||| 1|||| 200 1 $aConoscere e contrastare il jihadismo$ele chiavi interpretative, le ideologie, le dottrine, le strategie, i pensatori$eprofili di minaccia poco studiati (e quindi poco capiti) ... /$bGiuseppe Santomartino ; prefazione del prof. Massimo Campanini] 210 $a[Castelfranco Veneto]$cPanda$d2020 215 $a427 p.$cill.$d24 cm 606 $aJIHADISMO$xInterpretazione$3UONC098270$2FI 606 $aJIHADISMO$xIdeologie e strategie$3UONC098272$2FI 620 $aIT$dCastelfranco Veneto$3UONL001802 686 $aIG IV$cINTERESSE GENERALE - STORIA$2A 700 1$aSantomartino$bGiuseppe$3UONV285506$0825002 702 1$aCampanini$bMassimo$3UONV087102 712 $aPanda edizioni$3UONV282762$4650 801 $aIT$bSOL$c20240220$gRICA 899 $aSIBA - SISTEMA BIBLIOTECARIO DI ATENEO$2UONSI 912 $aUON00505876 950 $aSIBA - SISTEMA BIBLIOTECARIO DI ATENEO$dSI IG IV 082 $eSI 37330 5 082 996 $aConoscere e contrastare il jihadismo$91835113 997 $aUNIOR